<?xml version="1.0" encoding="UTF-8"?>
<record
    xmlns:xsi="http://www.w3.org/2001/XMLSchema-instance"
    xsi:schemaLocation="http://www.loc.gov/MARC21/slim http://www.loc.gov/standards/marcxml/schema/MARC21slim.xsd"
    xmlns="http://www.loc.gov/MARC21/slim">

  <leader>00346nam a2200145Ia 4500</leader>
  <controlfield tag="008">191201s2006    xx            000 0 und d</controlfield>
  <datafield tag="082" ind1=" " ind2=" ">
    <subfield code="a">657.3</subfield>
    <subfield code="b">SEF</subfield>
  </datafield>
  <datafield tag="100" ind1=" " ind2=" ">
    <subfield code="a">SEHGAL,Ashok</subfield>
  </datafield>
  <datafield tag="245" ind1=" " ind2="0">
    <subfield code="a">Fundamentals of Financial Accounting</subfield>
  </datafield>
  <datafield tag="250" ind1=" " ind2=" ">
    <subfield code="a">5th ed.</subfield>
  </datafield>
  <datafield tag="260" ind1=" " ind2=" ">
    <subfield code="a">N. delhi</subfield>
    <subfield code="b">Taxmann,s</subfield>
    <subfield code="c">2006</subfield>
  </datafield>
  <datafield tag="300" ind1=" " ind2=" ">
    <subfield code="a">1176</subfield>
  </datafield>
  <datafield tag="650" ind1=" " ind2=" ">
    <subfield code="a">BBA</subfield>
  </datafield>
  <datafield tag="942" ind1=" " ind2=" ">
    <subfield code="2">ddc</subfield>
    <subfield code="c">BK</subfield>
  </datafield>
  <datafield tag="999" ind1=" " ind2=" ">
    <subfield code="c">4625</subfield>
    <subfield code="d">4625</subfield>
  </datafield>
  <datafield tag="952" ind1=" " ind2=" ">
    <subfield code="0">0</subfield>
    <subfield code="1">0</subfield>
    <subfield code="2">ddc</subfield>
    <subfield code="4">0</subfield>
    <subfield code="7">0</subfield>
    <subfield code="8">BBA</subfield>
    <subfield code="a">PIET</subfield>
    <subfield code="b">PIET</subfield>
    <subfield code="d">2010-08-11</subfield>
    <subfield code="e">The book company</subfield>
    <subfield code="g">350.00</subfield>
    <subfield code="k">IN-2687</subfield>
    <subfield code="l">0</subfield>
    <subfield code="o">657.3 SEF</subfield>
    <subfield code="p">16185</subfield>
    <subfield code="r">2019-12-04 00:00:00</subfield>
    <subfield code="w">2010-08-07</subfield>
    <subfield code="y">BK</subfield>
  </datafield>
  <datafield tag="952" ind1=" " ind2=" ">
    <subfield code="0">0</subfield>
    <subfield code="1">0</subfield>
    <subfield code="2">ddc</subfield>
    <subfield code="4">0</subfield>
    <subfield code="7">0</subfield>
    <subfield code="8">BBA</subfield>
    <subfield code="a">PIET</subfield>
    <subfield code="b">PIET</subfield>
    <subfield code="d">2010-08-11</subfield>
    <subfield code="e">The book company</subfield>
    <subfield code="g">350.00</subfield>
    <subfield code="k">IN-2687</subfield>
    <subfield code="l">2</subfield>
    <subfield code="o">657.3 SEF</subfield>
    <subfield code="p">16186</subfield>
    <subfield code="r">2023-11-30 00:00:00</subfield>
    <subfield code="s">2023-11-23</subfield>
    <subfield code="w">2010-08-07</subfield>
    <subfield code="y">BK</subfield>
    <subfield code="z">.</subfield>
  </datafield>
  <datafield tag="952" ind1=" " ind2=" ">
    <subfield code="0">0</subfield>
    <subfield code="1">0</subfield>
    <subfield code="2">ddc</subfield>
    <subfield code="4">0</subfield>
    <subfield code="7">0</subfield>
    <subfield code="8">BBA</subfield>
    <subfield code="a">PIET</subfield>
    <subfield code="b">PIET</subfield>
    <subfield code="d">2010-08-11</subfield>
    <subfield code="e">The book company</subfield>
    <subfield code="g">350.00</subfield>
    <subfield code="k">IN-2687</subfield>
    <subfield code="l">1</subfield>
    <subfield code="o">657.3 SEF</subfield>
    <subfield code="p">16187</subfield>
    <subfield code="r">2023-11-27 00:00:00</subfield>
    <subfield code="s">2023-11-24</subfield>
    <subfield code="w">2010-08-07</subfield>
    <subfield code="y">BK</subfield>
  </datafield>
  <datafield tag="952" ind1=" " ind2=" ">
    <subfield code="0">0</subfield>
    <subfield code="1">0</subfield>
    <subfield code="2">ddc</subfield>
    <subfield code="4">0</subfield>
    <subfield code="7">0</subfield>
    <subfield code="8">BBA</subfield>
    <subfield code="a">PIET</subfield>
    <subfield code="b">PIET</subfield>
    <subfield code="d">2010-08-11</subfield>
    <subfield code="e">The book company</subfield>
    <subfield code="g">350.00</subfield>
    <subfield code="k">IN-2687</subfield>
    <subfield code="l">3</subfield>
    <subfield code="o">657.3 SEF</subfield>
    <subfield code="p">16188</subfield>
    <subfield code="r">2025-02-08 00:00:00</subfield>
    <subfield code="s">2024-01-13</subfield>
    <subfield code="w">2010-08-07</subfield>
    <subfield code="y">BK</subfield>
  </datafield>
  <datafield tag="952" ind1=" " ind2=" ">
    <subfield code="0">0</subfield>
    <subfield code="1">0</subfield>
    <subfield code="2">ddc</subfield>
    <subfield code="4">0</subfield>
    <subfield code="7">0</subfield>
    <subfield code="8">BBA</subfield>
    <subfield code="a">PIET</subfield>
    <subfield code="b">PIET</subfield>
    <subfield code="d">2010-08-11</subfield>
    <subfield code="e">The book company</subfield>
    <subfield code="g">350.00</subfield>
    <subfield code="k">IN-2687</subfield>
    <subfield code="l">2</subfield>
    <subfield code="o">657.3 SEF</subfield>
    <subfield code="p">16189</subfield>
    <subfield code="r">2023-12-06 00:00:00</subfield>
    <subfield code="s">2023-11-23</subfield>
    <subfield code="w">2010-08-07</subfield>
    <subfield code="y">BK</subfield>
  </datafield>
  <datafield tag="952" ind1=" " ind2=" ">
    <subfield code="0">0</subfield>
    <subfield code="1">0</subfield>
    <subfield code="2">ddc</subfield>
    <subfield code="4">0</subfield>
    <subfield code="7">0</subfield>
    <subfield code="8">BBA</subfield>
    <subfield code="a">PIET</subfield>
    <subfield code="b">PIET</subfield>
    <subfield code="d">2010-08-11</subfield>
    <subfield code="e">The book company</subfield>
    <subfield code="g">350.00</subfield>
    <subfield code="k">IN-2687</subfield>
    <subfield code="l">3</subfield>
    <subfield code="o">657.3 SEF</subfield>
    <subfield code="p">16190</subfield>
    <subfield code="r">2025-12-02 00:00:00</subfield>
    <subfield code="s">2025-11-19</subfield>
    <subfield code="w">2010-08-07</subfield>
    <subfield code="y">BK</subfield>
  </datafield>
</record>
